Statistiken für Hauptstädte Europas nach Einwohner

Klicken Sie hier um das Quiz zu spielen!

Allgemein

  • Dieses Quiz wurde 332 mal gespielt
  • Das Durchschnittsergebnis liegt bei 14 aus 45

Antwortstatistiken

RangEinwohnerHauptstadt% Korrekt
29.047.570London
98%
112.480.481Moskau
98%
33.669.491Berlin
97%
43.334.730Madrid
92%
72.175.601Paris
71%
62.808.293Rom
71%
52.967.360Kiew
68%
91.921.153Wien
53%
45825Vatikanstadt
49%
82.009.786Minsk
42%
444.048San Marino
40%
435.746Vaduz
38%
111.790.658Warschau
38%
101.883.425Bukarest
37%
121.752.286Budapest
36%
141.324.277Prag
32%
4037.308Monaco
31%
4122.537Andorra la vella
29%
425.891Valletta
29%
18872.922Amsterdam
25%
17975.551Stockholm
25%
21664.046Athen
23%
161.166.763Belgrad
23%
39124.509Luxemburg
23%
131.330.993Kopenhagen
21%
151.242.568Sofia
20%
26552.700Lissabon
19%
20697.010Oslo
19%
37134.727Bern
16%
19820.678Zagreb
16%
38128.793Reykjavik
15%
25553.165Dublin
14%
22656.920Helsinki
14%
36145.149Priština
13%
34185.103Brüssel
12%
23627.487Riga
12%
24559.250Vilnius
12%
33288.621Ljubljana
11%
35150.977Podgorica
11%
28509.900Skopje
10%
30437.619Tallinn
10%
29440.948Bratislava
9%
27532.513Chișinău
9%
32348.363Sarajevo
8%
31418.495Tirana
8%

Verteilung der Resultate

Perzentil nach korrekt beantworteten Fragen

Anzahl Personen mit jedem Resultat

Ihre Resultats-Entwicklung

Sie haben dieses Quiz noch nicht gespielt